Welcome to CU Library Online Public Access Catalogue (OPAC)

Fundamentals of nursing (Record no. 488)

MARC details
000 -LEADER
fixed length control field 00508nam a22001817a 4500
005 - DATE AND TIME OF LATEST TRANSACTION
control field 20251027192803.0
008 - FIXED-LENGTH DATA ELEMENTS--GENERAL INFORMATION
fixed length control field 241031b |||||||| |||| 00| 0 eng d
020 ## - INTERNATIONAL STANDARD BOOK NUMBER
International Standard Book Number 9780766850125
050 ## - LIBRARY OF CONGRESS CALL NUMBER
Classification number RT41.
Item number F8816 FUN
245 ## - TITLE STATEMENT
Title Fundamentals of nursing
Remainder of title Standards and Practice
250 ## - EDITION STATEMENT
Edition statement 2ND
260 ## - PUBLICATION, DISTRIBUTION, ETC.
Place of publication, distribution, etc. Canada
Name of publisher, distributor, etc. Delmar Thomson Learning
Date of publication, distribution, etc. c2002
300 ## - PHYSICAL DESCRIPTION
Extent xlix,1358p;
Other physical details ill.;
500 ## - GENERAL NOTE
General note Includes Glosssary, Index
700 ## - ADDED ENTRY--PERSONAL NAME
Personal name Delaune, Sue C.
700 ## - ADDED ENTRY--PERSONAL NAME
Personal name Ladner, Partricia K.
942 ## - ADDED ENTRY ELEMENTS (KOHA)
Source of classification or shelving scheme Library of Congress Classification
Koha item type Books
Suppress in OPAC No
999 ## -
-- 488
-- 488
Holdings
Withdrawn status Lost status Source of classification or shelving scheme Damaged status Not for loan Collection Home library Current library Shelving location Date acquired Total checkouts Full call number Barcode Date last seen Copy number Price effective from Koha item type
    Library of Congress Classification     Non-fiction Science Library (Miotso) Science Library (Miotso) General stacks 10/27/2025   RT41 .F8816 FUN SLM00004613 10/27/2025 1 10/27/2025 Books
    Library of Congress Classification     Non-fiction Science Library (Miotso) Science Library (Miotso) General stacks 10/27/2025   RT41 .F8816 FUN SLM00004614 10/27/2025 2 10/27/2025 Books
    Library of Congress Classification     Non-fiction Undergraduate Library (Christ Temple) Undergraduate Library (Christ Temple) General stacks 10/31/2024   RT41.I44 ILL ulct00000118 10/31/2024 1 10/31/2024 Books
© 2023-2024 Copyright: Central University Libraries. All Rights Reserved | Created by: Mahone Tech Office